000
00290nam a2200097Ia 4500
082
_a
336.2416 METZ
245
0
_a
Paying less tax made simple [2008]
100
_a
METZ, Ralf Welgemoed [South Africa], 2008 13th ed
_9
76476
942
_c
BK
008
210817s9999 xx 000 0 und d
999
_c
254691
_d
254690